[Event "8th Amplico AIG Life Rapid"]
[Site "Warsaw POL"]
[Date "2008.12.21"]
[Round "11"]
[White "Gajewski,G"]
[Black "Krasenkow,M"]
[Result "1-0"]
[WhiteElo "2577"]
[BlackElo "2624"]

1.d4 d5 2.c4 e6 3.Nf3 c6 4.b3 Bb4+ 5.Bd2 Bd6 6.g3 f5 7.Bg2 Nf6 8.O-O O-O
9.a3 b6 10.Bb4 c5 11.dxc5 bxc5 12.Bc3 Bb7 13.cxd5 Nxd5 14.Bb2 Nd7 15.Nbd2 N7f6
16.Qc2 Rb8 17.Rad1 Ba6 18.Rfe1 Qb6 19.e4 fxe4 20.Nxe4 Be7 21.Nxf6+ Bxf6 22.Bxf6 Nxf6
23.Bh3 Rfe8 24.Ng5 e5 25.b4 c4 26.Rd7 h6 27.Qg6 Nxd7 28.Qh7+  1-0

[Event "It A"]
[Site "Nancy FRA"]
[Date "2009.02.16"]
[Round "1"]
[White "Feller,S"]
[Black "Krasenkow,M"]
[Result "1/2-1/2"]
[WhiteElo "2525"]
[BlackElo "2620"]

1.d4 Nf6 2.c4 g6 3.Nc3 d5 4.Qb3 dxc4 5.Qxc4 Bg7 6.e4 O-O 7.Be2 c6 8.Nf3 Bg4
9.Be3 Nbd7 10.e5 Bxf3 11.Bxf3 Nb6 12.Qb3 Nfd5 13.O-O Rc8 14.Ne4 Nxe3 15.fxe3 Nd5
16.Bg4  1/2-1/2

[Event "It A"]
[Site "Nancy FRA"]
[Date "2009.02.21"]
[Round "8"]
[White "Edouard,R"]
[Black "Krasenkow,M"]
[Result "1/2-1/2"]
[WhiteElo "2562"]
[BlackElo "2620"]

1.e4 c5 2.Nf3 e6 3.d4 cxd4 4.Nxd4 Nf6 5.Nc3 Nc6 6.a3 d5 7.exd5 Nxd5 8.Nxd5 Qxd5
9.Be3 Nxd4 10.Qxd4 Qxd4 11.Bxd4 Bd7 12.O-O-O Bc6 13.f3 a6 14.Bd3 O-O-O 15.Bb6 Rd7
16.Be4 Bxe4 17.fxe4 Bd6 18.g3 h5 19.Rd3 Be5 20.Bf2 g5 21.Rhd1 Rxd3 22.cxd3 f5
23.d4 Bf6 24.Kd2 Kd7 25.Kd3 fxe4+ 26.Kxe4 Rc8 27.Be3 Rc2 28.Rd2 Rxd2 29.Bxd2 g4
30.b3 Kc6  1/2-1/2

[Event "XI Sants Open"]
[Site "Barcelona ESP"]
[Date "2009.08.22"]
[Round "2"]
[White "Chalmeta Ugas,R"]
[Black "Krasenkow,M"]
[Result "0-1"]
[WhiteElo "2222"]
[BlackElo "2631"]

1.e4 g6 2.d4 Bg7 3.c4 c5 4.d5 d6 5.Nc3 e6 6.Bd3 Nf6 7.Nf3 O-O 8.O-O exd5
9.exd5 Bg4 10.h3 Bxf3 11.Qxf3 Nbd7 12.Be2 Re8 13.Qd3 Qb6 14.f4 Re7 15.Bf3 Rae8
16.Bd2 Qxb2 17.Rab1 Qa3 18.Rb3 Qa6 19.Nb5 Qb6 20.Ra3 a6 21.Ba5 axb5 22.Bxb6 Nxb6
23.cxb5 Nfxd5 24.Bxd5 Bd4+ 25.Kh1 Nxd5 26.Ra4 Ne3 27.Rc1 Nf5 28.Kh2 Bf2 29.g4 Re3
30.Qb1 Nh4 31.Ra7 Bg3+ 32.Kg1 Re2 33.g5 Nf3+  0-1

[Event "XI Sants Open"]
[Site "Barcelona ESP"]
[Date "2009.08.25"]
[Round "5"]
[White "Krasenkow,M"]
[Black "Giffard,N"]
[Result "1-0"]
[WhiteElo "2631"]
[BlackElo "2357"]

1.d4 Nf6 2.c4 e6 3.Nf3 Bb4+ 4.Nbd2 d5 5.Qa4+ Nc6 6.a3 Be7 7.b4 dxc4 8.Nxc4 O-O
9.Bb2 a6 10.Qc2 b5 11.Ncd2 Bd7 12.e4 a5 13.bxa5 Nxa5 14.Bd3 h6 15.O-O Qb8
16.Bc3 Rc8 17.Bb4 Bxb4 18.axb4 Nc6 19.Qc3 Rxa1 20.Rxa1 Be8 21.Nb3 Nd8 22.Ne5 c6
23.Ra6 Nh7 24.Nc5 Nf8 25.Qa1 f6 26.Nf3 Nd7 27.Nxd7 Bxd7 28.e5 f5 29.Nd2 Be8
30.Nb3 Kh8 31.Nc5 Qc7 32.Ra7 Qb8 33.Bc2 Kh7 34.Bb3  1-0

[Event "XI Sants Open"]
[Site "Barcelona ESP"]
[Date "2009.08.26"]
[Round "6"]
[White "Grafl,F"]
[Black "Krasenkow,M"]
[Result "0-1"]
[WhiteElo "2426"]
[BlackElo "2631"]

1.f4 d5 2.d3 Nc6 3.Nf3 Bg4 4.Nbd2 f6 5.h3 Bxf3 6.Nxf3 e5 7.c3 exf4 8.Bxf4 Bd6
9.Qd2 Nge7 10.e4 dxe4 11.dxe4 Bxf4 12.Qxf4 Ng6 13.Qg3 O-O 14.Bc4+ Kh8 15.Bd5 Nce5
16.O-O-O Qb8 17.Nd4 c6 18.Bb3 a5 19.a3 b5 20.h4 b4 21.cxb4 axb4 22.Ne6 h5
23.Nxf8 Nxf8 24.axb4 Qxb4 25.Rhe1 Nfd7 26.Qc3 Qb5 27.Kc2 Nc5 28.Rd4 Rb8 29.Bc4 Nxc4
30.Rxc4 Na4 31.Rxa4 Qxa4+ 32.b3 Qa2+ 33.Qb2 Qa7 34.Re2 Qg1 35.Rd2 Qe3 36.Qc3 Qxe4+
37.Kb2 Qxh4 38.Qxc6 Qg4 39.Qd5 Kh7 40.Rd4 Qe2+ 41.Rd2 Qe8 42.g4 Rb5 43.Qd3+ Kh6
44.Re2 Re5 45.Rh2 g6 46.gxh5 Rxh5 47.Rxh5+ gxh5 48.Qf5 Qg6 49.Qc8 h4 50.b4 Qg2+
51.Ka3 h3 52.Qh8+ Kg6 53.b5 Qf3+ 54.Ka4 Qf4+ 55.Ka5 Qd2+ 56.Ka6 Qa2+ 57.Kb6 Qf2+
58.Ka6 h2 59.Qg8+ Kf5 60.Qd5+ Kf4 61.b6 Qf1+  0-1

[Event "XI Sants Open"]
[Site "Barcelona ESP"]
[Date "2009.08.27"]
[Round "7"]
[White "Krasenkow,M"]
[Black "Alonso Rosell,A"]
[Result "1-0"]
[WhiteElo "2631"]
[BlackElo "2461"]

1.d4 d5 2.Nf3 Nf6 3.c4 dxc4 4.Nc3 c5 5.d5 e6 6.e4 exd5 7.e5 Ne4 8.Qxd5 Nxc3
9.Qxd8+ Kxd8 10.bxc3 Nc6 11.Bxc4 Be6 12.Bxe6 fxe6 13.Ng5 Ke7 14.f4 h6 15.Ne4 Kf7
16.Be3 b6 17.h4 Be7 18.h5 Rhd8 19.Ke2 Na5 20.Rag1 Nc4 21.g4 Nxe3 22.Kxe3 c4
23.g5 Rd3+ 24.Ke2 hxg5 25.h6 Rh8 26.fxg5 Kg6 27.hxg7 Kxg7 28.Rxh8 Kxh8 29.g6 Kg7
30.Nf6 Re3+ 31.Kxe3 Bc5+ 32.Ke4 Bxg1 33.Ne8+ Kxg6 34.Nd6 Bc5 35.Nxc4 Kf7
36.Nd6+ Kf8 37.Nb5 a5 38.Nd4 Ke7 39.a4 Kd7 40.Kd3 Bf8 41.Kc4 Bg7 42.Kb5 Bxe5
43.Kxb6 Bc7+ 44.Kb5 e5 45.Nb3 Kd6 46.Nc5 Bb8 47.c4 Ba7 48.Ne4+ Kc7 49.c5 Bb8
50.Nf6 Ba7 51.Ng4 Kb7 52.Nxe5 Bb8 53.Nc6 Bg3 54.Nxa5+ Kc7 55.Nc4 Bf2 56.Nd6 Kb8
57.Kc6 Ka7 58.Ne4 Bg1 59.Kd7 Bh2 60.Nd6  1-0

[Event "9th Amplico Life Rapid"]
[Site "Warsaw POL"]
[Date "2009.12.19"]
[Round "1"]
[White "Brozek,L"]
[Black "Krasenkow,M"]
[Result "0-1"]
[WhiteElo "1883"]
[BlackElo "2656"]

1.e4 g6 2.d4 Bg7 3.c3 d6 4.Be3 Nf6 5.Nd2 O-O 6.h3 b6 7.g3 e5 8.Bg2 Ba6 9.Ne2 Nbd7
10.O-O c5 11.f4 Nh5 12.fxe5 Bxe2 13.Qxe2 Nxg3 14.Qg4 Nxf1 15.Rxf1 cxd4 16.cxd4 dxe5
17.d5 Rc8 18.Bg5 f6 19.Qe6+ Kh8 20.Bh4 Nc5 21.Qg4 Nd3 22.Nf3 Qd6 23.Bg3 Bh6
24.Nh4 Bg5 25.Nf3 h5 26.Qe6 Qxe6 27.dxe6 Bf4 28.Nh4 Kg7 29.Bxf4 Nxf4 30.Bf3 Nxe6  0-1

[Event "9th Amplico Life Rapid"]
[Site "Warsaw POL"]
[Date "2009.12.19"]
[Round "3"]
[White "Reizniece,D"]
[Black "Krasenkow,M"]
[Result "0-1"]
[WhiteElo "2341"]
[BlackElo "2656"]

1.c4 e5 2.Nc3 d6 3.g3 f5 4.Bg2 Nf6 5.d3 g6 6.e4 Bg7 7.Nge2 O-O 8.O-O c6 9.exf5 Bxf5
10.d4 e4 11.d5 c5 12.Bg5 Re8 13.h3 h5 14.Nf4 Nbd7 15.Ne6 Qb6 16.Na4 Qa6 17.Nc7 Qxc4
18.Nxa8 Rxa8 19.Nc3 Nb6 20.Rc1 Qb4 21.Bxf6 Bxf6 22.g4 hxg4 23.hxg4 Bd7 24.Nxe4 Be5
25.b3 Rf8 26.g5 Rf4 27.Re1 Kf7 28.Rc2 Rh4 29.Qd2 Bh2+ 30.Kf1 Bb5+ 31.Re2 Qxd2
32.Rxd2 Bf4 33.Ke1 Bxe2 34.Rxe2 Nd7 35.Kf1 Nf8 36.Nc3 a6 37.Na4 Nd7 38.Nb2 b5
39.Nd3 Bxg5 40.Re6 Be7 41.Be4 Nf8  0-1

[Event "9th Amplico Life Rapid"]
[Site "Warsaw POL"]
[Date "2009.12.19"]
[Round "8"]
[White "Krasenkow,M"]
[Black "Yemelin,V"]
[Result "1-0"]
[WhiteElo "2656"]
[BlackElo "2584"]

1.d4 Nf6 2.c4 e6 3.Nf3 d5 4.Nc3 Bb4 5.Qa4+ Nc6 6.e3 O-O 7.Bd2 dxc4 8.Bxc4 Bd6
9.Nb5 Ne4 10.Nxd6 cxd6 11.Bd3 Nxd2 12.Nxd2 Bd7 13.Qa3 Qe7 14.Ne4 d5 15.Qxe7 Nxe7
16.Nc5 Bc6 17.b4 b6 18.Na6 Rac8 19.b5 Bb7 20.Nb4 Rc7 21.Kd2 Rb8 22.a4 Kf8
23.a5 Ke8 24.a6 Bc8 25.Nc6 Nxc6 26.bxc6 b5 27.Ra5 b4 28.Rb5 Rb6 29.Rxb6 axb6
30.Rb1 Kd8 31.Rxb4 Rxc6 32.Ra4 Ke8  1-0

[Event "World Chess Open"]
[Site "Leon ESP"]
[Date "2010.01.02"]
[Round "3"]
[White "Krasenkow,M"]
[Black "Hoffman,A"]
[Result "1-0"]
[WhiteElo "2656"]
[BlackElo "2426"]

1.d4 d6 2.Nf3 Nf6 3.c4 g6 4.Nc3 Bg7 5.e4 O-O 6.h3 c5 7.d5 e6 8.Bd3 Na6 9.Bg5 exd5
10.cxd5 h6 11.Be3 Nc7 12.Qd2 Kh7 13.a4 Na6 14.O-O Nb4 15.Bc4 b6 16.Rae1 Bb7
17.Bf4 Ne8 18.Re2 a6 19.Rd1 Ra7 20.Qe1 g5 21.Bh2 f6 22.g4 Bc8 23.Bg3 h5 24.gxh5 Bxh3
25.Nh2 Bh6 26.f3 Ng7 27.Ng4 Bxg4 28.fxg4 Qd7 29.Rg2 Re8 30.Qf2 Qxg4 31.Bxd6 Qxh5
32.a5 Rd7 33.Bg3 bxa5 34.Qxc5 f5 35.Be2 Qg6 36.exf5 Nxf5 37.Bg4 Rf7 38.d6 Bf8
39.Bxf5 Rxf5 40.Qc7+ Kg8 41.d7 Bc5+ 42.Bf2 Bxf2+  1-0

[Event "1st Open"]
[Site "Marrakesh MAR"]
[Date "2010.06.26"]
[Round "2"]
[White "Colin,V"]
[Black "Krasenkow,M"]
[Result "1-0"]
[WhiteElo "2428"]
[BlackElo "2628"]

1.d4 Nf6 2.c4 g6 3.Nc3 d5 4.e3 Bg7 5.cxd5 Nxd5 6.Nxd5 Qxd5 7.Ne2 O-O 8.Nc3 Qd8
9.Be2 c5 10.d5 e6 11.e4 Nd7 12.O-O Nf6 13.Be3 b6 14.Qd2 exd5 15.exd5 Bg4
16.Rfe1 Re8 17.Bf1 Bd7 18.Bg5 Qb8 19.d6 Qb7 20.Re7 Rxe7 21.dxe7 Re8 22.Re1 Bc6
23.Qd6 Ng4 24.Bc4 Qd7 25.Qxd7 Bxd7 26.Bb5 Bxb5 27.Nxb5 f6 28.Nd6 Rxe7 29.Rxe7 fxg5
30.Rxa7 Bd4  1-0

[Event "1st Open"]
[Site "Marrakesh MAR"]
[Date "2010.06.28"]
[Round "4"]
[White "Onkoud,A"]
[Black "Krasenkow,M"]
[Result "0-1"]
[WhiteElo "2377"]
[BlackElo "2628"]

1.d4 Nf6 2.Nf3 d6 3.g3 Bf5 4.Bg2 c6 5.c3 Nbd7 6.O-O e5 7.Nbd2 Qc7 8.Re1 d5
9.e4 dxe4 10.Ng5 Be7 11.Ndxe4 Nxe4 12.Nxe4 O-O-O 13.Qa4 Kb8 14.Be3 Nb6 15.Qa5 Nc4
16.Qxc7+ Kxc7 17.b3 Nxe3 18.fxe3 Be6 19.Rad1 a5 20.dxe5 a4 21.c4 axb3 22.axb3 Rxd1
23.Rxd1 Ra8 24.Nd6 f6 25.Ne4 fxe5 26.h3 Ra2 27.Rd2 Ra1+ 28.Kf2 Rb1 29.Rd3 Rb2+
30.Kf3 b5 31.cxb5 cxb5 32.Bf1 Bxb3 33.Nc3 Bc4 34.Rd1 Bxf1 35.Rxf1 Kc6 36.Rc1  0-1

[Event "1st Open"]
[Site "Marrakesh MAR"]
[Date "2010.07.02"]
[Round "9"]
[White "Krasenkow,M"]
[Black "Sebbar,Ali"]
[Result "1-0"]
[WhiteElo "2628"]
[BlackElo "2290"]

1.Nf3 Nf6 2.c4 g6 3.Nc3 Bg7 4.e4 d6 5.d4 O-O 6.h3 e5 7.d5 a5 8.Bg5 Na6 9.Be2 Qe8
10.Nd2 Kh8 11.h4 Ng8 12.h5 f5 13.Nf3 Nc5 14.Nh4 Bh6 15.Bxh6 Nxh6 16.hxg6 hxg6
17.Nxf5 gxf5 18.Rxh6+ Kg7 19.Bh5 Qe7 20.Rg6+ Kh7 21.Qf3 fxe4 22.Qg3 Nd3+
23.Kd2 Bf5 24.Rh1 Nxf2 25.Rh2 Nh3 26.Rxh3  1-0

[Event "European Rapid Championship"]
[Site "Warsaw POL"]
[Date "2010.12.18"]
[Round "1"]
[White "Krasenkow,M"]
[Black "Boguszewski,Pawel"]
[Result "1-0"]
[WhiteElo "2621"]
[BlackElo "1858"]

1.e4 c5 2.Nc3 Nc6 3.g3 g6 4.Bg2 Bg7 5.d3 d6 6.Nh3 e6 7.Be3 Nge7 8.O-O O-O
9.Qd2 Nd4 10.Bh6 Rb8 11.Bxg7 Kxg7 12.Nd1 e5 13.f4 f5 14.fxe5 dxe5 15.c3 Ndc6
16.exf5 Bxf5 17.Ng5 Kh8 18.Ne3 Qxd3 19.Qxd3 Bxd3 20.Rxf8+ Rxf8 21.Ne6 Rf6
22.Nxc5 Ba6 23.Rd1 Be2 24.Rd2 Ba6 25.Rd7 Nf5 26.Ng4 Rf8 27.Nxa6  1-0

[Event "European Rapid Championship"]
[Site "Warsaw POL"]
[Date "2010.12.18"]
[Round "2"]
[White "Duben,I"]
[Black "Krasenkow,M"]
[Result "0-1"]
[WhiteElo "2175"]
[BlackElo "2621"]

1.Nf3 d6 2.d4 Nf6 3.g3 Bg4 4.Bg2 c6 5.O-O g6 6.c4 Bg7 7.Nc3 O-O 8.h3 Bxf3
9.Bxf3 Nbd7 10.e4 e5 11.Be3 Qc7 12.Qd2 exd4 13.Bxd4 Nc5 14.Rad1 Rad8 15.Rfe1 Rfe8
16.Bg2 a5 17.b3 Rd7 18.Re2 Rde7 19.Rde1 Nfd7 20.Bxg7 Kxg7 21.Rd1 Re6 22.h4 Nf6
23.Qd4 Qb6 24.Rde1 a4 25.Bh3 R6e7 26.Re3 axb3 27.axb3 Qa5 28.Qxd6 Ncxe4 29.Nxe4 Rxe4
30.Rxe4 Rxe4 31.Rxe4 Qa1+ 32.Kg2 Nxe4 33.Qd3 Qh1+ 34.Kxh1 Nxf2+ 35.Kg2 Nxd3
36.Bc8 b6 37.Bd7 c5 38.Bg4 Kf6 39.h5 Ke5 40.h6 Kf6 41.Be2 Nb4 42.Kf3 Kg5
43.Ke4 f6 44.g4 Kxh6 45.Kf4 Kg7 46.Ke4 Kf7 47.Kf4 Ke6 48.Ke4 Nc6 49.Bd1 Nd4
50.b4 g5 51.bxc5 bxc5 52.Ba4 f5+ 53.gxf5+ Nxf5 54.Bc6 Nd6+  0-1

[Event "European Rapid Championship"]
[Site "Warsaw POL"]
[Date "2010.12.18"]
[Round "4"]
[White "Kanarek,M"]
[Black "Krasenkow,M"]
[Result "0-1"]
[WhiteElo "2399"]
[BlackElo "2621"]

1.e4 g6 2.d4 Bg7 3.Nf3 d6 4.c4 Bg4 5.Nc3 Nc6 6.d5 Nd4 7.Qa4+ Bd7 8.Qd1 Nxf3+
9.Qxf3 Nf6 10.Bd3 O-O 11.O-O c6 12.Qe2 Rc8 13.f3 cxd5 14.cxd5 e6 15.dxe6 Bxe6
16.Be3 Qa5 17.Kh1 d5 18.exd5 Nxd5 19.Nxd5 Bxd5 20.Qf2 b6 21.a3 Bb3 22.Rac1 Qe5
23.Ba6 Rxc1 24.Rxc1 Rd8 25.Rc3 b5 26.Rxb3 Rd1+ 27.Qg1 Rxg1+ 28.Bxg1 Qe6 29.Rd3 Qxa6
30.Rd8+ Bf8 31.Bc5 b4 32.h3 b3 33.Rxf8+ Kg7 34.Rd8 Qe2 35.Bd4+ Kh6 36.Bc3 f5
37.Kh2 f4 38.Ra8 Qe7 39.Rb8 Qf7 40.Rb5 g5 41.Re5 Kg6 42.Rc5 Qd7 43.Ra5 h5
44.Ra6+ Kh7 45.Rf6 Qe7 46.Ra6 g4 47.hxg4 hxg4 48.fxg4 f3 49.Ra5 f2 50.Rh5+ Kg6
51.Rf5  0-1

[Event "European Rapid Championship"]
[Site "Warsaw POL"]
[Date "2010.12.18"]
[Round "6"]
[White "Lintchevski,D"]
[Black "Krasenkow,M"]
[Result "1-0"]
[WhiteElo "2532"]
[BlackElo "2621"]

1.e4 c5 2.Nf3 Nc6 3.d4 cxd4 4.Nxd4 Nf6 5.Nc3 e5 6.Ndb5 d6 7.Bg5 a6 8.Na3 b5
9.Nd5 Be7 10.Bxf6 Bxf6 11.c4 b4 12.Nc2 a5 13.Be2 Bg5 14.O-O O-O 15.Qd3 Be6
16.Rfd1 Kh8 17.a3 bxa3 18.Qxa3 Qb8 19.Rd3 Nb4 20.Ncxb4 axb4 21.Qxa8 Qxa8
22.Rxa8 Rxa8 23.g3 Ra2 24.Rb3 Bh3 25.f4 exf4 26.Nxf4 Be6 27.Rxb4 g6 28.e5 dxe5
29.Rb8+ Kg7 30.Nxe6+ fxe6 31.Kf2 Be7 32.Rb5 Ra4 33.Ke3 Kf7 34.Kd3 Ke8 35.Bf3 Ra2
36.Rb7 Bc5 37.Bc6+ Kd8 38.b4 Ra3+ 39.Kc2 Bd4 40.c5 Rc3+ 41.Kd2 Rb3 42.Kc2 Rc3+
43.Kd1 Rd3+ 44.Ke2 Re3+ 45.Kf1 Rb3 46.Be4 Re3 47.Bc6 Rb3 48.Ba4 Rb2 49.c6 Kc8
50.Bd1 Rb1 51.Ke2 e4 52.Re7 Rb2+ 53.Kf1 Rxb4 54.Bg4 Rb1+ 55.Kg2 Rb2+ 56.Kh3 Bb6
57.Bxe6+ Kd8 58.Rd7+ Ke8 59.c7 Bxc7 60.Rxc7 e3 61.Rc3 Re2 62.Bc4 Re1 63.Kg2 Kf8
64.Kf3 Rh1 65.h4 h5 66.Rxe3 Rc1 67.Bd3 Kf7 68.Re4 Rc3 69.Ke3 Kf6 70.Ra4  1-0

[Event "European Rapid Championship"]
[Site "Warsaw POL"]
[Date "2010.12.18"]
[Round "7"]
[White "Krasenkow,M"]
[Black "Deszczynski,A"]
[Result "1/2-1/2"]
[WhiteElo "2621"]
[BlackElo "2366"]

1.Nf3 c5 2.c4 g6 3.d4 Bg7 4.d5 d6 5.e4 Bg4 6.h3 Bxf3 7.Qxf3 Na6 8.Nc3 Nc7
9.Bd3 Nf6 10.O-O Nd7 11.Qg3 O-O 12.f4 e6 13.f5 Be5 14.Bf4 Qf6 15.Ne2 Rae8
16.dxe6 fxe6 17.fxg6 Qxg6 18.Qe3 Bxf4 19.Nxf4 Qh6 20.Bc2 Ne5 21.Qg3+ Kh8
22.Nd3 Nxc4 23.Rxf8+ Rxf8 24.Re1 Qg7 25.Qxg7+ Kxg7 26.e5 Nxe5 27.Nxe5 dxe5
28.Rxe5 b6 29.Rh5 h6 30.Rh4 Rf6 31.a3 Nd5 32.Re4 Kf7 33.Bb3 Ne7 34.Ba2 Nf5
35.b4 Nd4 36.bxc5 bxc5 37.Re5 Rf5 38.Bxe6+ Kf6 39.Rxf5+ Nxf5 40.Ba2 Ke5 41.Kf2 Kf4
42.Be6 h5 43.Bxf5 Kxf5 44.g3 Ke4 45.Ke2 a5 46.a4 c4 47.Kd2 Kf3 48.g4 hxg4
49.hxg4 Kxg4 50.Kc3  1/2-1/2

[Event "European Rapid Championship"]
[Site "Warsaw POL"]
[Date "2010.12.18"]
[Round "8"]
[White "Reprintsev,A"]
[Black "Krasenkow,M"]
[Result "0-1"]
[WhiteElo "2359"]
[BlackElo "2621"]

1.e4 c5 2.b3 e5 3.Bb2 d6 4.f4 exf4 5.Qf3 Ne7 6.Qxf4 Ng6 7.Qf2 Nc6 8.Nf3 Be6
9.Bb5 Qb6 10.c4 O-O-O 11.Nc3 Nb4 12.O-O Nd3 13.Na4 Qc7 14.Qe3 Nxb2 15.Nxb2 Be7
16.d4 Bf6 17.Rad1 Bg4 18.e5 dxe5 19.dxe5 Nxe5 20.Qc1 Nxf3+ 21.gxf3 Bh3 22.Rfe1 Bd4+
23.Kh1 Qd6 24.Nd3 Qg6 25.Nf4 Qf5 26.Rd3 g5 27.Nxh3 Qxd3 28.Qxg5 Qxf3+ 29.Qg2 Qxg2+
30.Kxg2 Rhg8+ 31.Kf3 Rd6 32.Re4 Rf6+ 33.Nf4 a6 34.Ba4 Rg5 35.h4 Re5 36.b4 b6
37.Bc2 Rxe4 38.Kxe4 cxb4 39.Nd5 Rf2 40.Kxd4 Rxc2 41.Nxb4 Rh2  0-1

[Event "European Rapid Championship"]
[Site "Warsaw POL"]
[Date "2010.12.19"]
[Round "11"]
[White "Krasenkow,M"]
[Black "Maciejewski,Andrzej"]
[Result "1-0"]
[WhiteElo "2621"]
[BlackElo "1707"]

1.d4 g6 2.e4 c6 3.c4 d6 4.Nc3 Bg7 5.Be3 a6 6.a4 a5 7.Bd3 e5 8.Nge2 Nf6 9.f3 O-O
10.O-O Na6 11.Rc1 Re8 12.Qd2 Nd7 13.Rcd1 Qc7 14.Kh1 Nb4 15.Bb1 Nf8 16.f4 Be6
17.b3 Bg4 18.h3 Bxe2 19.Nxe2 exd4 20.Bxd4 Bxd4 21.Qxd4 Rad8 22.f5 Qe7 23.Ng1 d5
24.exd5 cxd5 25.Nf3 dxc4 26.Qxc4 Rxd1 27.Rxd1 Qe2 28.Rc1 Qxc4 29.Rxc4 Re3
30.Nd2 Kg7 31.Be4 b6 32.Rd4 gxf5 33.Bxf5 Ng6 34.Rd6 Ne7 35.Be4 Nc8 36.Rd7 Rc3
37.Bb7 Na7 38.Ne4 Rxb3 39.Nd6 Nac6 40.Rxf7+ Kg8 41.Rc7 Ne5 42.Ne4 Rb1+ 43.Kh2 Rf1
44.Ng5 h6 45.Ne6 Re1 46.Rg7+ Kh8 47.Re7  1-0

[Event "European Rapid Championship"]
[Site "Warsaw POL"]
[Date "2010.12.19"]
[Round "13"]
[White "Krasenkow,M"]
[Black "Lovkov,R"]
[Result "1-0"]
[WhiteElo "2621"]
[BlackElo "2414"]

1.d4 Nf6 2.c4 e6 3.Nf3 c5 4.d5 exd5 5.cxd5 d6 6.Nc3 g6 7.h3 Bg7 8.e4 O-O
9.Bd3 b6 10.O-O Ba6 11.Bf4 Bxd3 12.Qxd3 a6 13.a4 Ne8 14.e5 dxe5 15.Nxe5 Nd6
16.Rfe1 Nf5 17.Rad1 Nd7 18.Nxd7 Qxd7 19.d6 Bd4 20.Nd5 Qb7 21.Qf3 Kg7 22.Rxd4 cxd4
23.Re7 Nxe7 24.Be5+ f6 25.Bxf6+ Rxf6 26.Qxf6+ Kh6 27.Nxe7 Qe4 28.g4  1-0

[Event "Gala Rapid Match"]
[Site "Gorzow POL"]
[Date "2011.04.19"]
[Round "1"]
[White "Dragun,K"]
[Black "Krasenkow,M"]
[Result "0-1"]
[WhiteElo "2431"]
[BlackElo "2621"]

1.e4 g6 2.d4 Bg7 3.Nc3 c6 4.Be3 d5 5.Qd2 dxe4 6.Nxe4 Nd7 7.O-O-O Ngf6 8.f3 Nxe4
9.fxe4 Nf6 10.Bd3 Ng4 11.Nf3 Nxe3 12.Qxe3 Bg4 13.Bc4 O-O 14.h3 Bxf3 15.gxf3 b5
16.Be2 Qb6 17.f4 e5 18.fxe5 Bxe5 19.Qc3 Bg7 20.Kb1 Rac8 21.Bg4 Rc7 22.e5 Rd8
23.Rhe1 h5 24.Bf3 Rcd7 25.Bxc6 Rxd4 26.Rxd4 Rxd4 27.Qf3 Bxe5 28.c3 Rd2 29.Rf1 f5
30.Bd5+ Kg7 31.Rd1 Rxd1+ 32.Qxd1 b4 33.cxb4 Qxb4 34.Bb3 Qe4+ 35.Bc2 Qe3 36.a3 Qxh3
37.Qd7+ Kh6 38.Qxa7 Qf1+ 39.Ka2 Qc1  0-1

[Event "Gala Rapid Match"]
[Site "Gorzow POL"]
[Date "2011.04.19"]
[Round "2"]
[White "Krasenkow,M"]
[Black "Dragun,K"]
[Result "0-1"]
[WhiteElo "2621"]
[BlackElo "2431"]

1.e4 c5 2.Nc3 Nc6 3.g3 g6 4.d3 Bg7 5.Be3 d6 6.Qd2 Nd4 7.Nd1 d5 8.c3 Ne6 9.f4 Nf6
10.f5 Nc7 11.fxg6 hxg6 12.e5 d4 13.exf6 dxe3 14.Qxe3 Bxf6 15.Qxc5 b6 16.Qc6+ Kf8
17.Nf2 Rb8 18.Qg2 Bb7 19.Ne4 Ne6 20.Nf3 Nc5 21.Qe2 Qd5 22.Nxc5 Qxf3 23.Nd7+ Kg7
24.Qxf3 Bxf3 25.Rg1 Rxh2 26.Nxb8 Bg5 27.Bh3 Bd2+ 28.Kf1 Be2+  0-1

[Event "TCh-POL Ekstraliga"]
[Site "Wroclaw POL"]
[Date "2011.05.06"]
[Round "1.5"]
[White "Krasenkow,M"]
[Black "Macieja,B"]
[Result "1/2-1/2"]
[WhiteElo "2619"]
[BlackElo "2616"]

1.Nf3 c5 2.c4 Nf6 3.Nc3 Nc6 4.d4 cxd4 5.Nxd4 e6 6.a3 Be7 7.e4 O-O 8.Nf3 Qc7
9.Be2 b6 10.O-O Bb7 11.Bg5 Rac8 12.Bh4 d6 13.b4 Rfd8 14.Qc2 Ng4 15.Bxe7 Qxe7
16.Rad1 Nge5 17.Ne1 g5 18.g3 Qf6 19.Nb5 d5 20.f4 Nxc4 21.Bxc4 dxc4 22.Nd6 Rc7
23.e5 Qe7 24.Nf3 gxf4 25.gxf4 f6 26.b5 Na5 27.Nxb7 Nxb7 28.Kh1 Rxd1 29.Rxd1 Kh8
30.Rg1 c3 31.Nd4 fxe5 32.fxe5 Qf7 33.Qg2 Rc8 34.Rf1 Qg7 35.Qxg7+ Kxg7 36.Nxe6+ Kg6
37.Rf6+ Kh5 38.Rf5+ Kh6 39.Rf6+ Kh5 40.Rf5+ Kh6 41.Rf6+  1/2-1/2

[Event "TCh-POL Ekstraliga"]
[Site "Wroclaw POL"]
[Date "2011.05.07"]
[Round "2.2"]
[White "Tomczak,J"]
[Black "Krasenkow,M"]
[Result "1/2-1/2"]
[WhiteElo "2541"]
[BlackElo "2619"]

1.e4 c5 2.Nf3 Nc6 3.d4 cxd4 4.Nxd4 Nf6 5.Nc3 e5 6.Ndb5 d6 7.Bg5 a6 8.Na3 b5
9.Nd5 Be7 10.Bxf6 Bxf6 11.c4 b4 12.Nc2 a5 13.Qf3 Be7 14.Be2 O-O 15.a3 f5
16.exf5 Bxf5 17.Bd3 Bxd3 18.Qxd3 bxa3 19.Nxa3 Nb4 20.Qe4 Rc8 21.O-O Nxd5
22.Qxd5+ Kh8 23.Rad1 Rc5 24.Qb7 Rc7 25.Qd5 Rc5 26.Qb7 Rc7 27.Qd5 Rc5  1/2-1/2

[Event "TCh-FRA Top 12 2011"]
[Site "Mulhouse FRA"]
[Date "2011.05.26"]
[Round "1.2"]
[White "Moiseenko,A1"]
[Black "Krasenkow,M"]
[Result "1-0"]
[WhiteElo "2679"]
[BlackElo "2619"]

1.d4 d5 2.c4 c6 3.Nf3 Nf6 4.Nc3 e6 5.Bg5 Nbd7 6.e3 Qa5 7.cxd5 Nxd5 8.Qd2 Bb4
9.Rc1 c5 10.a3 Bxc3 11.bxc3 h6 12.Bh4 b6 13.c4 Qxd2+ 14.Nxd2 N5f6 15.f3 O-O
16.Nb3 cxd4 17.exd4 Ba6 18.Kf2 Rfe8 19.Be2 e5 20.Rhd1 Nh5 21.g4 Nf4 22.Bf1 Ne6
23.dxe5 Nxe5 24.Bg3 Nc6 25.Bd3 Rac8 26.Bf5 g6 27.Bb1 Red8 28.Rxd8+ Ncxd8
29.Nd2 Nc5 30.Bf4 Kg7 31.Be5+ f6 32.Bc3 Nde6 33.Re1 Kf7 34.h4 Rd8 35.Kg3 Bb7
36.Ne4 Nd4 37.Nxc5 bxc5 38.h5 gxh5 39.gxh5 Bc8 40.Bg6+ Kf8 41.Ba5  1-0

[Event "TCh-FRA Top 12 2011"]
[Site "Mulhouse FRA"]
[Date "2011.05.27"]
[Round "2.2"]
[White "Krasenkow,M"]
[Black "Williams,Si1"]
[Result "1/2-1/2"]
[WhiteElo "2619"]
[BlackElo "2520"]

1.d4 e6 2.c4 f5 3.Nc3 Nf6 4.Qc2 b6 5.e4 fxe4 6.Nxe4 Bb7 7.Ng5 Bb4+ 8.Bd2 Qe7
9.O-O-O Bxd2+ 10.Qxd2 O-O 11.h4 c5 12.d5 exd5 13.cxd5 Bxd5 14.Qc2 Be6 15.Bd3 Nc6
16.Bxh7+ Kh8 17.N1f3 Nd5 18.a3 Qf6 19.Be4 Nd4 20.Nxd4 cxd4 21.Kb1 Rac8 22.Qd2 Nc3+
23.bxc3 Rxc3 24.Qxd4 Rb3+ 25.Ka1 Rxa3+ 26.Kb1 Rb3+ 27.Ka1 Qe7 28.Qd6 Rf5
29.Bxf5 Qf6+ 30.Rd4 Qxf5 31.Ra4 Qf6+  1/2-1/2

[Event "TCh-FRA Top 12 2011"]
[Site "Mulhouse FRA"]
[Date "2011.05.28"]
[Round "3.4"]
[White "Krasenkow,M"]
[Black "Bodenez,V"]
[Result "1-0"]
[WhiteElo "2619"]
[BlackElo "2199"]

1.Nf3 d5 2.d4 Nf6 3.c4 e6 4.g3 dxc4 5.Bg2 Nc6 6.Qa4 Bb4+ 7.Bd2 Nd5 8.Bxb4 Nxb4
9.O-O Rb8 10.Nc3 a6 11.Ne5 Bd7 12.Nxc6 Nxc6 13.Qxc4 O-O 14.Rfd1 Ne7 15.Rac1 c6
16.e4 Ng6 17.h4 Qe8 18.h5 Ne7 19.Qc5 f5 20.d5 cxd5 21.exd5 Nxd5 22.Nxd5 exd5
23.Bxd5+ Kh8 24.h6 Qg6 25.Qe7 Bb5 26.hxg7+ Qxg7 27.Qxg7+ Kxg7 28.Rc7+ Kh6
29.Bxb7 Rbd8 30.Rxd8 Rxd8 31.Bxa6 Rd1+ 32.Kg2  1-0

[Event "TCh-FRA Top 12 2011"]
[Site "Mulhouse FRA"]
[Date "2011.05.29"]
[Round "4.2"]
[White "Vaisser,A"]
[Black "Krasenkow,M"]
[Result "1/2-1/2"]
[WhiteElo "2533"]
[BlackElo "2619"]

1.d4 Nf6 2.c4 g6 3.Nc3 d5 4.cxd5 Nxd5 5.Bd2 Nb6 6.Bg5 Bg7 7.e3 c5 8.Nf3 cxd4
9.Nxd4 Bd7 10.Be2 Nc6 11.Nb3 Ne5 12.O-O  1/2-1/2

[Event "TCh-FRA Top 12 2011"]
[Site "Mulhouse FRA"]
[Date "2011.05.30"]
[Round "5"]
[White "Nguyen Chi Minh"]
[Black "Krasenkow,M"]
[Result "1/2-1/2"]
[WhiteElo "2381"]
[BlackElo "2619"]

1.d4 d6 2.Nf3 g6 3.c4 Bg7 4.Nc3 Bg4 5.e3 Nf6 6.h3 Bxf3 7.Qxf3 c6 8.Qd1 O-O
9.Be2 Nbd7 10.O-O e5 11.b4 exd4 12.exd4 c5 13.Rb1 Re8 14.bxc5 dxc5 15.Rxb7 Ne4
16.dxc5  1/2-1/2

[Event "TCh-FRA Top 12 2011"]
[Site "Mulhouse FRA"]
[Date "2011.05.31"]
[Round "6"]
[White "Meier,Geo"]
[Black "Krasenkow,M"]
[Result "1/2-1/2"]
[WhiteElo "2650"]
[BlackElo "2619"]

1.Nf3 c5 2.c4 Nc6 3.Nc3 e5 4.g3 f5 5.d3 Nf6 6.Bg2 g6 7.a3 a5 8.O-O Bg7 9.Bg5 O-O
10.Rb1 d6 11.Ne1 h6 12.Bxf6 Bxf6 13.Nc2 Bd7 14.b4 axb4 15.axb4 Nxb4 16.Nxb4 cxb4
17.Rxb4 Bc6 18.Qb3 Kh8 19.Rb1 Bg7 20.Rb6 e4 21.e3 exd3 22.Nd5 d2 23.Qc2 Ra1
24.Rxa1 Bxa1 25.Rb1 Bxd5 26.Rxa1 Bxg2 27.Kxg2 d5 28.Rd1 dxc4 29.Qxc4 Kh7
30.Qd4 Qxd4 31.exd4 b5 32.Kf3 Kg7 33.Rxd2 Kf7 34.Ke3 Ke6 35.Ra2 Kd5 36.Kd3 Rf6
37.Ra8 Rb6 38.Rd8+ Ke6 39.Kc3 Rc6+ 40.Kd3 Rb6 41.Kc3 Rc6+  1/2-1/2

[Event "TCh-FRA Top 12 2011"]
[Site "Mulhouse FRA"]
[Date "2011.06.01"]
[Round "7"]
[White "Krasenkow,M"]
[Black "Riff,JN"]
[Result "1-0"]
[WhiteElo "2619"]
[BlackElo "2502"]

1.Nf3 Nf6 2.d4 e6 3.c4 Bb4+ 4.Nbd2 a5 5.a3 Bxd2+ 6.Bxd2 d6 7.Bg5 h6 8.Bh4 Qe7
9.e3 g5 10.Bg3 Ne4 11.Bd3 Nxg3 12.hxg3 Nd7 13.Qc2 a4 14.O-O-O Ra5 15.Nd2 b6
16.Nb1 Nf6 17.Nc3 Bd7 18.Kb1 h5 19.e4 e5 20.Nd5 Nxd5 21.exd5 Kd8 22.Rde1 f6
23.f4 gxf4 24.gxf4 c6 25.c5 bxc5 26.Qc3 Ra7 27.dxc5 cxd5 28.cxd6 Qxd6 29.fxe5 fxe5
30.Rxe5 d4 31.Qe1 Rb7 32.Rexh5 Re8 33.Rh8 Qb6 34.Qf2 Rxh8 35.Rxh8+ Kc7 36.Be4 Qb3
37.Qf4+ Kb6 38.Qd6+  1-0